00318nam a2200121Ia 4500008004100000100002300041245004300064260003400107300000900141650002200150942000700172999001700179190216s9999||||xx |||||||||||||| ||und|| aGangadharan Nair R 0aAikya Rashtra Vyapara Vikasana Samithi bKerala Bhasha Institutec1973 a174p aPolitical Science cBK c34824d34824